01429nam a2200361Ia 4500001001200000003000800012006001900020007001500039008004100054010001700095020001500112020001500127040002100142035002100163041001300184050002300197082002100220100002000241245010800261250001200369260004300381300001100424504006600435533015200501650005500653650005500708650005600763650005700819655002900876710001700905856012600922999001901048ebr10135451CaPaEBRm u cr cn|||||||||050413s2005 nyu sb 001 0 eng d z 2005047657 z1403978743 z1403965854 aCaPaEBRcCaPaEBR a(OCoLC)5604623770 aengafre14aPQ543b.B43 2005eb04a842/.80992872221 aBeach, Cecilia.10aStaging politics and genderh[electronic resource] :bFrench women's drama, 1880-1923 /cCecilia Beach. a1st ed. aNew York :bPalgrave Macmillan,c2005. a186 p. aIncludes bibliographical references (p. [144]-179) and index. aElectronic reproduction.bPalo Alto, Calif. :cebrary,d2009.nAvailable via World Wide Web.nAccess may be limited to ebrary affiliated libraries. 0aFrench dramay19th centuryxHistory and criticism. 0aFrench dramay20th centuryxHistory and criticism. 0aFrench dramaxWomen authorsxHistory and criticism. 0aWomen and literaturezFrancexHistoryy20th century. 7aElectronic books.2local2 aebrary, Inc.40uhttp://site.ebrary.com/lib/rucke/Doc?id=10135451zAn electronic book accessible through the World Wide Web; click to view c187608d187608